The winner stands alone / (Record no. 368476)
[ view plain ]
| 000 -LEADER | |
|---|---|
| fixed length control field | 01149nam a22002417a 4500 |
| 003 - CONTROL NUMBER IDENTIFIER | |
| control field | 0 |
| 005 - DATE AND TIME OF LATEST TRANSACTION | |
| control field | 20251106140123.0 |
| 008 - FIXED-LENGTH DATA ELEMENTS--GENERAL INFORMATION | |
| fixed length control field | 251106b xxu||||| |||| 00| 0 eng d |
| 020 ## - INTERNATIONAL STANDARD BOOK NUMBER | |
| International Standard Book Number | 978-0-06-196827-3 |
| 050 ## - LIBRARY OF CONGRESS CALL NUMBER | |
| Classification number | PQ 9698.13.O354 |
| Item number | .C672 2009 |
| 100 ## - MAIN ENTRY--PERSONAL NAME | |
| Personal name | Coelho, Paulo, |
| Relator term | author. |
| 245 ## - TITLE STATEMENT | |
| Title | The winner stands alone / |
| Statement of responsibility, etc | Paulo Coelho ; translated from the Portuguese by Margaret Jull Costa. =246 3_ $a Winner stands alone : $b a novel [optional if displayed as novel] |
| 260 ## - PUBLICATION, DISTRIBUTION, ETC. (IMPRINT) | |
| Place of publication, distribution, etc | New York : |
| Name of publisher, distributor, etc | Harper, |
| Date of publication, distribution, etc | 2009. |
| 300 ## - PHYSICAL DESCRIPTION | |
| Extent | 341 pages ; |
| Dimensions | 17 cm. |
| 500 ## - GENERAL NOTE | |
| General note | Originally published in Portuguese as "vencedor está só."<br/>Translation by Margaret Jull Costa. |
| 520 ## - SUMMARY, ETC. | |
| Summary, etc | Set during the Cannes Film Festival, the novel follows an obsessive millionaire whose extreme pursuit of success and love draws together an unexpected cast of characters, raising questions about fame, power, and the cost of ambition.<br/><br/> |
| 546 ## - LANGUAGE NOTE | |
| Language note | Translated from Portuguese. |
| 650 ## - SUBJECT ADDED ENTRY--TOPICAL TERM | |
| Topical term or geographic name as entry element | Fame |
| Form subdivision | Fiction. |
| 650 ## - SUBJECT ADDED ENTRY--TOPICAL TERM | |
| Topical term or geographic name as entry element | Motion picture industry |
| Form subdivision | Fiction. |
| 650 ## - SUBJECT ADDED ENTRY--TOPICAL TERM | |
| Topical term or geographic name as entry element | Celebrities |
| Form subdivision | Fiction. |
| 700 ## - ADDED ENTRY--PERSONAL NAME | |
| Personal name | Costa, Margaret Jull, |
| Relator term | translator. |
| 942 ## - ADDED ENTRY ELEMENTS (KOHA) | |
| Source of classification or shelving scheme | Library of Congress Classification |
| Koha item type | Books |
| Withdrawn status | Lost status | Source of classification or shelving scheme | Damaged status | Home library | Current library | Shelving location | Date acquired | Source of acquisition | Sub Shelving location | Total Checkouts | Full call number | Barcode | Date last seen | Price effective from | Koha item type |
|---|---|---|---|---|---|---|---|---|---|---|---|---|---|---|---|
| Library of Congress Classification | Luxembourg Library | Luxembourg Library | Fiction Section | 11/19/2024 | Library Fund | PQ 9698.13.O354 .C672 2009 | 21438 | 11/06/2025 | 11/06/2025 | Books |